000
00327nam a22001457a 4500
020
_a
978-81-8360-141-2
041
_a
ENG
100
_a
Rothore .M.S
245
_a
General Agriculture
250
_a
29 th
260
_a
New delhi
_b
Jain Brothers
_c
2019-20
300
_a
519
650
_a
ICAR -JRF
856
_u
Competitive Exam
999
_c
149
_d
149